History of hinduism (Record no. 991349)

MARC details
000 -LEADER
fixed length control field 00824nam a2200265Ia 4500
003 - CONTROL NUMBER IDENTIFIER
control field OSt
005 - DATE AND TIME OF LATEST TRANSACTION
control field 20221005083657.0
008 - FIXED-LENGTH DATA ELEMENTS--GENERAL INFORMATION
fixed length control field 221004b |||||||| |||| 00| 0 eng d
020 ## - INTERNATIONAL STANDARD BOOK NUMBER
International Standard Book Number 9789352806980 (pbk)
037 ## - SOURCE OF ACQUISITION
Terms of availability Textual
040 ## - CATALOGING SOURCE
Original cataloging agency CRL
Transcribing agency CRL
Language of cataloging eng
041 ## - LANGUAGE CODE
Source of code eng
Language code of text/sound track or separate title eng
100 ## - MAIN ENTRY--PERSONAL NAME
Personal name Ramachandran R. Au.
9 (RLIN) 612718
245 #0 - TITLE STATEMENT
Title History of hinduism
Remainder of title past, present and future
260 ## - PUBLICATION, DISTRIBUTION, ETC.
Place of publication, distribution, etc. New Delhi
Name of publisher, distributor, etc. Vitasta India
Date of publication, distribution, etc. 2018
300 ## - PHYSICAL DESCRIPTION
Extent xxxi,298p.
Dimensions cm.
650 ## - SUBJECT ADDED ENTRY--TOPICAL TERM
Topical term or geographic name entry element RELIGION
650 ## - SUBJECT ADDED ENTRY--TOPICAL TERM
Topical term or geographic name entry element HINDUISM
942 ## - ADDED ENTRY ELEMENTS (KOHA)
Classification part Q2v, Q8
Koha item type Textual
Source of classification or shelving scheme
Holdings
Withdrawn status Lost status Damaged status Not for loan Home library Current library Date acquired Source of acquisition Total Checkouts Full call number Barcode Date last seen Price effective from Koha item type
        Central Library Central Library 2022-10-05 1607/18-19, 28/01/2019, Vitasta Publishing Pvt. Ltd.   Q2v Q8 CL1658825 2022-10-05 2022-10-05 Textual
Copyright @ Delhi University Library System